Meranie rýchlosti šírenia a útlmu ultrazvuku v polymérnych fóliách : Kand.diz.práca : Projekt H-25-522-033C-74/MFF /

Gespeichert in:
Bibliographische Detailangaben
1. Verfasser: Malinarič, Svetozár (Verfasst von)
Format: Manuskript Buch
Veröffentlicht: Nitra : Vysoká škola pedagogická, 1993
Schlagworte:
Tags: Tag hinzufügen
Keine Tags, Fügen Sie das erste Tag hinzu!

MARC

LEADER 00000ntm a22000003a 4500
001 stu5075
005 20150617225810.6
008 ------s1993----------------------------d
040 |a STU  |b slo 
041 0
100 1 |a Malinarič, Svetozár  |4 aut 
245 1 |a Meranie rýchlosti šírenia a útlmu ultrazvuku v polymérnych fóliách :  |b Kand.diz.práca : Projekt H-25-522-033C-74/MFF /  |c [aut.] Malinarič,Svetozár, Ing 
260 |a Nitra :  |b Vysoká škola pedagogická,  |c 1993 
300 |a 78 s :  |b 2.príl 
650 7 |a metódy merania ultrazvuku  |2 stusub 
650 7 |a fyzika polymérov  |2 stusub 
996 |b 284ED00504  |c E*KDIZ-687  |l EE01  |s A  |a 24  |w stu5075_0001